000 01053nam a2200181 a 4500
001 43049
005 20180714021434.0
008 140415s2001 mx 000 0 spa d
041 _aspa
082 _a725.94
_bTAP
100 1 _aTAPIA CHÁVEZ, AIDEÉ
245 1 0 _aMORELIA 1880 - 1950 PERMANENCIAS Y TRANSFORMACIONES DE SU ESPACIO CONSTRUIDO
250 _a1a ed.
260 _aMEXICO :
_bUNIVERSIDAD MICHOACANA DE SAN NICOLAS DE HIDALGO,
_c2001
300 _a297
_cx 22 x 28
520 _aUNO DE LOS APORTES DE ESTE TRABAJO, ES QUE A TRAVES DEL MISMO SE ENTENDERAN MUCHAS DE LAS PREOCUPANTES SOBRE EL POR QUE DEL ASPECTO ACTUAL DE LA CIUDAD Y DE LA ACTITUD QUE EL MORELIANO HA TENIDO Y TIENE ANTE SU CIUDAD DE ESTILO COLONIAL. POR OTRA PARTE, EL CONOCIEMIENTO HISTORICO DEL HECHO DE ESTUDIO, PERMITE RECONOCER QUE EL VALOR PATRIMONIAL DE LA ARQUITECTURA Y EL URBANISMO DEL PASADO RECIENTE DE CIUDAD DE MORELIA, NO RADICA EN LA TEMPORALIDAD QUE PERTENECE; SINO EN SU CUALIDAD T
650 1 4 _aCONSERVACION Y RESTAURACION DE MONUMENTOS
999 _c43049
_d43049